Slasher Films by Villain (Picture Quiz) - Statistics

General Stats
  • This quiz has been taken 823 times
  • The average score is 15 of 23
Answer Stats
Picture Answer % Correct
Child's Play
98%
Halloween
96%
Scream
96%
Saw
94%
Friday the 13th
93%
Nightmare on Elm Street
91%
Hellraiser
88%
Texas Chainsaw Massacre
88%
Candyman
84%
Psycho
80%
Terrifier
77%
Leprechaun
70%
Winnie the Pooh: Blood and Honey
67%
Happy Death Day
62%
Jeepers Creepers
57%
I Know What You Did Last Summer
48%
My Bloody Valentine
47%
Children of the Corn
43%
Wrong Turn
36%
The Hills Have Eyes
35%
The Gingerdead Man
17%
Wishmaster
17%
The Slumber Party Massacre
15%
No matching quizzes found
Score Distribution
Percent of People with Each Score
Percentile by Number Answered
Your Score History
You have not taken this quiz